| 000 | 01624cam a2200421 i 4500 | ||
|---|---|---|---|
| 001 | 42395 | ||
| 003 | Mx-PuUPA | ||
| 005 | 20250217100059.0 | ||
| 008 | 140415s2013 mx gr 000 f spa d | ||
| 020 | _a9786071124401 | ||
| 040 |
_aMx-PuUPA _bspa _cMx-PuUPA _dMx-PuUPA _erda |
||
| 041 | 0 | _aspa | |
| 100 | 1 |
_aMiller, Raine, _916693 _eautor |
|
| 240 | 1 | 0 |
_aAll- In. The Blackstone Affaire II. _lEspañol |
| 245 | 1 | 0 |
_aTodo o nada : _bel affaire Blackstone II / _cRaine Miller ; de la traducción Cora Tiedra |
| 246 | 3 | _aEl affaire Blackstone II. | |
| 250 |
_aPrimera edición / _benero |
||
| 264 | 1 |
_aMéxico, D. F. : _bSantillana Ediciones Generales, _c©2013 |
|
| 300 |
_a356 páginas ; _c24 cm |
||
| 336 |
_2rdacontent _atexto _btxt |
||
| 337 |
_2rdamedia _asin medio _bn |
||
| 338 |
_2rdacarrier _avolumen _bnc |
||
| 490 | 0 | _aSuma de Letras | |
| 500 | _a"Cómo pude dejarla escapar? Algunas cosas son simplemente imposibles...".--Cubierta. | ||
| 650 | 7 |
_913986 _2armarc _aRelaciones hombre-mujer _vNovela |
|
| 650 | 7 |
_2armarc _aMujeres estudiantes de posgrado _zLondres Inglaterra _vNovela |
|
| 650 | 7 |
_2armarc _aLiteratura americana _ySiglo XXI |
|
| 650 | 7 |
_2armarc _aLiteratura europea _ySiglo XXI |
|
| 651 | 4 |
_aLondres (Inglaterra) _vNovela |
|
| 655 | 7 |
_2armarc _aNovela romántica |
|
| 700 | 1 |
_aTiedra, Cora, _etraductor |
|
| 765 | 0 |
_aMiller, Raine, _tAll- In. The Blackstone Affaire II. |
|
| 942 |
_2ddc _cLI _h813.6 _iM63 |
||
| 999 |
_c42395 _d42395 |
||